| 000 | 02078cam a22005414i 4500 | ||
|---|---|---|---|
| 003 | PE-LiUPU | ||
| 005 | 20250731173050.0 | ||
| 008 | 140503r20132002mau rb 001 0 eng | ||
| 020 | _a1619702622 | ||
| 020 | _a9781619702622 | ||
| 035 | _a(Sirsi) i9781619702622 | ||
| 035 | _a(OCoLC)891991580 | ||
| 040 |
_aAU@ _bspa _cAU@ _dOCLCO _dOCLCF _dYDXCP _dOCLCQ _dMNG _dPE-LiUPU |
||
| 049 | _aPRUA | ||
| 050 | 4 |
_aBM508.13 _b.E5 2013 |
|
| 082 | 0 | 4 |
_a296.1 _bT7 _223 |
| 245 | 1 | 4 |
_aThe Tosefta : _btranslated from the Hebrew with a new introduction / _cJacob Neusner. |
| 264 | 1 |
_aMassachusetts : _bHendrickson Publishers, _c2013. |
|
| 300 | _a2 volumenes | ||
| 336 |
_atext _2rdacontent |
||
| 337 |
_aunmediated _2rdamedia |
||
| 338 |
_avolume _2rdacarrier |
||
| 505 | 0 |
_avolumen 1. _aZeraim -- Moed -- Nashim. |
|
| 505 | 0 |
_avolumen 2. _aNeziqin -- Qodoshim -- Tohorot. |
|
| 526 | _aSEG42 | ||
| 526 | _aSEG41 | ||
| 526 | _aSEG40 | ||
| 526 | _aSEG39 | ||
| 526 | _aP94 | ||
| 526 | _aP87 | ||
| 526 | _aP86 | ||
| 526 | _aP85 | ||
| 526 | _aP77 | ||
| 526 | _aP76 | ||
| 526 | _aP35 | ||
| 650 | 0 | _aLiteratura rabínica. | |
| 650 | 7 |
_aRabbinical literature. _2fast _0(OCoLC)fst01086288 |
|
| 700 | 1 |
_aNeusner, Jacob, _etraductor. |
|
| 910 |
_adbm _bebj _cebj _d20180105 |
||
| 942 |
_2ddc _cBOOK |
||
| 949 |
_a296.1 T7 1 _wDEWEY _c1 _i77872 _lCATALOGING _mBUL _p53.47 _r0 _sY _tBOOK _u2018-01-05 _xPOSGRADO _PP85 _0DONACION _o.STAFF. Colección Teología. |
||
| 949 |
_a296.1 T7 2 _wDEWEY _c1 _i77873 _lCATALOGING _mBUL _p53.47 _r0 _sY _tBOOK _u2018-01-05 _xPOSGRADO _PP85 _0DONACION _o.STAFF. Colección Teología. |
||
| 994 |
_aC0 _bPEPRU |
||
| 596 | _a1 | ||
| 999 |
_a296.1 T7 1 _wDEWEY _c26569 _i77872 _f2021-11-11 _g4 _lCCODEBUL1 _mBUL _p53.47 _r0 _sY _tBOOK _u2018-1-5 _xTEOLOGIA _PP85 _0DONACION _o.STAFF. Colección Teología. _d26569 |
||
| 999 |
_a296.1 T7 2 _wDEWEY _c1 _i77873 _f2021-11-11 _g4 _lCCODEBUL1 _mBUL _p53.47 _r0 _sY _tBOOK _u2018-1-5 _xTEOLOGIA _PP85 _0DONACION _o.STAFF. Colección Teología. |
||
| 980 |
_81 _gALBERTO SANCHEZ Responsable de Automatización |
||